01184 a2200217 4500003000500000005001700005010001700022020002800039040000900067082001500076100002000091245008100111260003600192300003400228440004600262505054500308650003400853650003200887650003600919651001100955Nust20170207154029.0 a 2003041890 a1580533310 (alk. paper) cNust00a621.382/151 aJanevski, Toni.10aTraffic analysis and design of wireless IP networks-(E-BOOK)cToni Janevski. aBoston :bArtech House,cc2003. axvi, 368 p. :bill. ;c24 cm. 0aArtech House mobile communications series aIntroduction 1 Third Generation Wireless Mobile Communications and Beyond 9 Wireless Mobile Internet 53 Teletraffic Theory 91 Characterization and Classification of IP Traffic 135 Architecture for Mobile IP Networks with Multiple Traffic Classes 167 Analytical Analysis of Multimedia Mobile Networks 199 Admission Control with QoS Support in Wireless IP Networks 239 Performance Analysis of Cellular IP Networks 271 Handover Agents for QoS Support 299 QoS Provisioning in Wireless IP Networks Through Class-Based Queuing 323 Conclusions 351 0aMobile communication systems. 0aTelecommunicationxTraffic. 0aWireless communication systems. aE-BOOK